| 000 | 00544nam a22001937a 4500 | ||
|---|---|---|---|
| 003 | OSt | ||
| 005 | 20151202161704.0 | ||
| 008 | 151202b xxu||||| |||| 00| 0 eng d | ||
| 020 | _a0415084490 | ||
| 040 | _cDDC. | ||
| 082 | _a370 SKE1991. | ||
| 100 |
_aSkelton,Martin;Reeves,Graham;Playfoot,David; _96450 |
||
| 245 | _aDevelopment Planning for Primary Schools. | ||
| 260 |
_aLondon. _bRoutledge. _c1991. |
||
| 300 |
_a192p; _bill: _c24cm |
||
| 504 | _aBibliography are included. | ||
| 651 |
_aDevelopment Planning. _96451 |
||
| 942 |
_2ddc _cSLOAN |
||
| 999 |
_c2784 _d2784 |
||